000 00861nam a22002531a 4500
001 32759
003 AR-RoBPED
005 20260514094928.0
007 ta
008 260513s1978 ag a|||br|||||||1 m|spa
040 _aAR-BaBN
_eaacr
_dAR-RoBPED
041 _aspa
100 1 _aCamilli, Ernesto
_eautor
_4aut
_91610
245 1 3 _aEl sol albañil :
_blibro de lectura para tercer grado /
_cErnesto Camilli ; ilustraciones de Raúl Fortín y Héctor Atanasiú.
260 _aBuenos Aires :
_bEstrada,
_c1978.
300 _a118 p. :
_bil.
650 4 _aARCHIVO INFANTIL
_924464
650 4 _aLIBROS DE TEXTO
_91459
650 4 _aTERCER GRADO
_91463
700 1 _aFortín, Raúl
_920222
_eilustrador
700 1 _aAtanasiu, Héctor
_930854
_eilustrador
942 _2udc
_aK. 32759
_cBK
_h372.4
_kIA
_mC 22
_pInv. 42445
945 _ann 13/05/2026 - cd 14/05/2026
999 _c32759
_d32759